zpět

Detail výsledku týmu

The Pub Praha 2 ST, Praha

Datum a čas kvízu

32.5 Celkem bodů Celkový počet nahraných bodů na tomto kvízu bez doplňovacích otázek.
8. Pořadí na kvízu Konečné umístění týmu na tomto kvízu.

Zaznamenané odpovědi

# Otázka Odpověď Body Výsledky
1. Která moravská zoologická zahr... ZOO Olomouc 0
2. Dva zkušení borci, 66letý Joha... traktory 0
3. V pondělí jsme se dozvěděli, ž... Charlotte Gottová 1
4. Španělští archeologové objevil... B 1
5. V sobotu se v pražské O2 areně... Mladá Boleslav, Brno 0.5
6. Vědci v minulosti několikrát t... D) kofein 1
7. Světová zdravotnická organizac... o Rumunsko 0
8. V červenci 2025 Senát schválil... 3 (2 a 4 za půl bodu) 1
9. Na které z fotografií se nachá... A) 1
10. Tinktura z opia se v minulosti... laudanum 0